000 00547nam a2200217 a 4500
999 _c5391
_d5391
001 5391
003 BD-JhCC
005 20171213185042.0
008 171213s n a|||| |||| 00| 0 eng d
035 _a(BD-JhCC)
040 _aBD-JhCC
_dBD-JhCC
041 _aeng
082 _a684
_bHJO
100 _aHjorth, Herman
245 _aPrinciples of woodworking /
_cHerman Hjorth
260 _aAmerica :
_bThe bruce Publishing,
300 _a445 p. :
_bill. ;
_c25cm.
650 _aWoodwork (Manual Trairing)
942 _2ddc
_cBK